| 000 | 00611nam a22002057a 4500 | ||
|---|---|---|---|
| 003 | OSt | ||
| 005 | 20140310182244.0 | ||
| 008 | 121114t xxu||||| |||| 00| 0 eng d | ||
| 020 | _a0553486071 | ||
| 050 |
_aPZ 7 _b.Su968s14 1998 |
||
| 082 |
_aFIC _bS9svd 1998 |
||
| 100 |
_aSuzanne, Jamie _94455 |
||
| 245 |
_aJessica : _bnext stop, jr. high / _cJamie Suzanne, Created by: Francine Pascal |
||
| 260 |
_aNew York : _bBantam Books, _c1998. |
||
| 300 |
_a185 p. ; _c20 cm. |
||
| 440 |
_aSweet valley twins super edition _n#14 _919329 |
||
| 700 |
_aPascal, Francine _93767 |
||
| 942 |
_2lcc _cBK-FIC |
||
| 999 |
_c11213 _d11213 |
||